Who's in charge here?: (Record no. 5717)

000 -LEADER
fixed length control field 00648nam a2200193 a 4500
001 - CONTROL NUMBER
control field :::00003459$&:&@@
003 - CONTROL NUMBER IDENTIFIER
control field OkBaRHE
005 - DATE AND TIME OF LATEST TRANSACTION
control field 20000607103305.0
008 - FIXED-LENGTH DATA ELEMENTS--GENERAL INFORMATION
fixed length control field s1981 j 000 0 eng u
040 ## - CATALOGING SOURCE
Transcribing agency
100 1# - MAIN ENTRY--PERSONAL NAME
Personal name Huffman, John A.
245 10 - TITLE STATEMENT
Title Who's in charge here?:
Remainder of title foundations of faith from Romans 1-8.
250 ## - EDITION STATEMENT
Edition statement 1st ed.
260 ## - PUBLICATION, DISTRIBUTION, ETC. (IMPRINT)
Place of publication, distribution, etc Chappaqua, NY., :
Name of publisher, distributor, etc Christian Herald Books
Date of publication, distribution, etc c1981
300 ## - PHYSICAL DESCRIPTION
Extent 174 p. ;
Dimensions 21 cm.
650 ## - SUBJECT ADDED ENTRY--TOPICAL TERM
Topical term or geographic name as entry element Bible New Testament Romans 1-8
General subdivision Criticism, Interpretation, etc.
942 ## - ADDED ENTRY ELEMENTS (KOHA)
Source of classification or shelving scheme
Koha item type Books
Copies
Withdrawn status Copy number Not for loan Shelving location Permanent Location Barcode Price effective from Source of classification or shelving scheme Date acquired Lost status Full call number Koha item type Damaged status Date last seen
 1 General StacksRHEMA Bible Training College34592010-04-14 2010-04-14 BS 2665.2 .H83Books 2018-03-28